Guadalajara Metro/Light Rail Stations - Statistics

General Stats
  • This quiz has been taken 46 times
  • The average score is 37 of 48
Answer Stats
Answer % Correct
Juárez
100%
Juárez II
100%
18 de Marzo
88%
España
88%
Mexicaltzingo
88%
Patria
88%
Periférico Sur
88%
Santa Filomena
88%
Unidad Deportiva
88%
Washington
88%
Arcos de Zapopan
81%
Ávila Camacho
81%
Ávila Camacho
81%
Guadalajara Centro
81%
Isla Raza
81%
Mercado del Mar
81%
Periférico Norte
81%
San Juan de Dios
81%
Urdaneta
81%
Zapopan Centro
81%
Auditorio
75%
Mezquitán
75%
Oblatos
75%
Plaza Patria
75%
Plaza Universidad
75%
Refugio
75%
Santuario
75%
Santuario Mártires de Cristo Rey
75%
Tetlán
75%
Atemajac
69%
Belisario Domínguez
69%
Central de Autobuses
69%
Circunvalación Country
69%
CUCEI
69%
Dermatológico
69%
División del Norte
69%
Independencia
69%
La Aurora
69%
Lázaro Cárdenas
69%
Plaza de la Bandera
69%
Revolución
69%
Río Nilo
69%
Tlaquepaque Centro
69%
Cristóbal de Oñate
63%
La Normal
63%
Periférico Belenes
63%
San Andrés
63%
San Jacinto
63%
No matching quizzes found
Score Distribution
Percent of People with Each Score
Percentile by Number Answered
Your Score History
You have not taken this quiz